000 00391nam a2200169Ia 4500
001 15902
003 IN-NITTTR
005 20251114233150.0
008 251113s9999||||xx |||||||||||||| ||eng||
040 _beng
040 _cIN-NITTTR
041 _aeng
082 _a004.01 C197F
100 _aCarlton, Thomas W
245 0 _a1-2-3 financial Macros /
_cCarlton, Thomas W
942 _2ddc
_cBK
999 _c18536
_d18536